| 000 | 02277agaaa2200337 4500 | ||
|---|---|---|---|
| 001 | 2010 | ||
| 003 | IT-RoPAU | ||
| 005 | 20220918181253.0 | ||
| 007 | d cvaizq | ||
| 008 | 50131s9999||||xx ||| | || ||und|| | ||
| 040 |
_aIT-RoPAU _cIT-RoPAU |
||
| 041 | _aITALIANO | ||
| 100 |
_aPolanski Roman _gCodice regista SPICS: 1627 _949812 |
||
| 130 |
_aLUNA DI FIELE _949813 |
||
| 240 |
_aBITTER MOON _gT2744 |
||
| 245 |
_aLUNA DI FIELE _cProdotto da: De Laurentis L. E A. -- Sceneggiatura: Polanski Roman Brach Gerard Brownjohn John -- Diretto da: Polanski Roman _pLUNA DI FIELE (Rif. Codice opera principale : C2010) |
||
| 246 | _aBITTER MOON | ||
| 250 | _aEdizione Standard | ||
| 260 |
_aFRANCIA (FRACIA - INGHILTE) _bR.P. PROD. - TIMOTHY BURRILL PROD. / Distribuzione: FILMAURO _g"1992 (1° ed.: 1992 ; Ed. Lingua Orig.: 1992)" |
||
| 300 |
_aVHS _bsonoro, col. _c138 minuti |
||
| 508 | _a"Fotografia: Delli Colli Tonino; Montaggio: De Luze Herve; Musica: Vangelis Papathanass; Sceneggiatura: Polanski Roman Brach Gerard Brownjohn John; Scenografia: Holt W. Viard G.; Coreografia: Redha; " | ||
| 511 | _a"Coyote Peter; Seigner Emmanuelle; Grant Hugh; Scott; Thomas Kristin; Vellani Luca" | ||
| 520 | _aSU UNA LUSSUOSA NAVE DA CROCIERA IN ROTTA VERSO L'ORIENTE SI INTRECCIANO LE VITE E I DESTINI DI DUE COPPIE. OSCAR UNO SCRITTORE COSTRETTO SU UNA SEDIA A ROTELLE E MIMI' LA SUA PROVOCANTE GIOVANE MOGLIE CONOSCONO NIGEL E FIONA DUE CONIUGI CHE SPERANO DI SUPERARE IN VACANZA LA CRISI DEL LORO MATRIMONIO. OSCAR AFFASCINA NIGEL COL RACCONTO DETTAGLIATO DELLA SUA PASSIONE PER MIMI' DAL CORTEGGIAMENTO ALL'INTIMITA', DAGLI ECCESSI SESSUALI ALLA NOIA E ALLA VIOLENZA. SEMPRE PIU' FATALMENTE ATTRATTO DA MIMI' CHE SEMBRA RICAMBIARLO NIGEL PRIMA DI AVERLA DEVE ASCOLTARE DA OSCAR LA CONCLUSIONE DEL RACCONTO CHE SARA' INASPETTATA E CRUDELE. STORIA DI UN'OSSESSIONE AMOROSA. FILM A COLORI. | ||
| 538 | _aPAL, STEREO | ||
| 546 | _aITALIANO | ||
| 650 |
_aDRAMMATICO _eFILMS [VHS] _xCodice MATERIA SPICS: 9960 _934083 |
||
| 700 |
_aBruckner Pascal _e(soggetto) _gCodice Soggetto SPICS: 30165 _949814 |
||
| 700 |
_aPolanski Roman _e(regista) _gCodice regista SPICS: 1627 _949815 |
||
| 700 |
_aVangelis Papathanass _e(musica) _gCodice Musica SPICS: 11474 _949816 |
||
| 942 |
_cVH _2ddc |
||
| 999 |
_c106989 _d106989 |
||